Drugs, Crime, Space, and Time A Spatiotemporal Exmination of Drug Activity and Crime Rates

Saved in:  
Bibliographic Details
Authors: Contreras, Christopher (Author) ; Hipp, John R. (Author)
Format: Print Article
Language:English
Published: 2020
In: Justice quarterly
Year: 2020, Volume: 37, Issue: 2, Pages: 187-209
Check availability: HBZ Gateway
Keywords:

MARC

LEADER 00000caa a2200000 c 4500
001 1724470132
003 DE-627
005 20230427070013.0
007 tu
008 200713s2020 xx ||||| 00| ||eng c
035 |a (DE-627)1724470132 
035 |a (DE-599)KXP1724470132 
040 |a DE-627  |b ger  |c DE-627  |e rda 
041 |a eng 
100 1 |a Contreras, Christopher  |e VerfasserIn  |4 aut 
245 1 0 |a Drugs, Crime, Space, and Time  |b  A Spatiotemporal Exmination of Drug Activity and Crime Rates  |c Christopher Contreras and John R. Hipp 
264 1 |c 2020 
336 |a Text  |b txt  |2 rdacontent 
337 |a ohne Hilfsmittel zu benutzen  |b n  |2 rdamedia 
338 |a Band  |b nc  |2 rdacarrier 
490 0 |a Justice quarterly / Academy of Criminal Justice Sciences. Eastern Kentucky University  |v Volume 37 (2020) 
700 1 |a Hipp, John R.  |e VerfasserIn  |0 (DE-588)1122056427  |0 (DE-627)875133169  |0 (DE-576)261424122  |4 aut 
773 0 8 |i Enthalten in  |t Justice quarterly  |d Abingdon, Oxfordshire : Routledge, 1984  |g 37(2020), 2, Seite 187-209  |w (DE-627)166984612  |w (DE-600)356637-7  |w (DE-576)015443914  |x 0741-8825  |7 nnas 
773 1 8 |g volume:37  |g year:2020  |g number:2  |g pages:187-209 
951 |a AR 
ELC |b 1 
LOK |0 000 xxxxxcx a22 zn 4500 
LOK |0 001 3723926908 
LOK |0 003 DE-627 
LOK |0 004 1724470132 
LOK |0 005 20250401110617 
LOK |0 008 200713||||||||||||||||ger||||||| 
LOK |0 040   |a DE-21-110  |c DE-627  |d DE-21-110 
LOK |0 689   |a s  |a Communities and place 
LOK |0 689   |a s  |a Drugs and Crime 
LOK |0 689   |a s  |a Neighborhood change 
LOK |0 852   |a DE-21-110 
LOK |0 852 1  |m p  |9 00 
LOK |0 938   |k p 
LOK |0 939   |a 13-07-20  |b l01 
ORI |a SA-MARC-krimdoka001.raw